Clue super detective [juego] /

Guardado en:
Formato: Objeto Físico
Publicado: México : Hasbro, c1997.
Materias:
Etiquetas: Agregar Etiqueta
Sin Etiquetas, Sea el primero en etiquetar este registro!
LEADER 00790nrm a22001575g 4500
001 CEM.cems019360
008 130507s1997####mx############0###0#####d
005 20220830164155.0
003 CEMS
245 0 0 |a Clue super detective [juego] /  |c Parker Brothers 
260 |a México :  |b Hasbro,  |c c1997. 
300 |a 1 juego (1 tablero, 6 fichas-sospechosos, 6 armas, tarjetas de juego de sospechosos, de habitaciones y de armas, 1 sobre confidencial, hojas de notas de detectives, 1 dado) ; en caja 26 x 50 x 4 cm. + manual de instrucciones. 
500 |a Para 3 a 6 jugadores a partir de 8 años objetivo: descubrir la información del sobre confidencial antes que tus compañeros. 
082 0 4 |a J793.93 
653 |a 1. juegos de intriga y deducción 
859 |a CEMS  |b BIB. CEMS - Ludoteca  |h J793.93  |i P223  |p 262.02  |t Ej.1